Advances in physics (Record no. 6793)

MARC details
000 -LEADER
fixed length control field 00850 a2200253 4500
005 - DATE AND TIME OF LATEST TRANSACTION
control field 2008090806546.0
008 - FIXED-LENGTH DATA ELEMENTS--GENERAL INFORMATION
fixed length control field 080908t xxu||||| |||| 00| 0 eng d
010 ## - LIBRARY OF CONGRESS CONTROL NUMBER
LC control number ENG-87678
020 ## - INTERNATIONAL STANDARD BOOK NUMBER
Terms of availability 110.00
035 ## - SYSTEM CONTROL NUMBER
System control number EN-71211
037 ## - SOURCE OF ACQUISITION
Source of stock number/acquisition DBAD / PUB
082 ## - DEWEY DECIMAL CLASSIFICATION NUMBER
Classification number 530
245 ## - TITLE STATEMENT
Title Advances in physics
Statement of responsibility, etc edited by Arunachalam...[et. al.]
260 ## - PUBLICATION, DISTRIBUTION, ETC. (IMPRINT)
Place of publication, distribution, etc Tirunelveli
Name of publisher, distributor, etc Manonmaniam Sundaranar University
Date of publication, distribution, etc 2006
270 ## - ADDRESS
Address Publication Division
City Tirunelveli
Postal code 627 012
300 ## - PHYSICAL DESCRIPTION
Extent 140 p.
Dimensions 22 cm ( Pbk)
700 ## - ADDED ENTRY--PERSONAL NAME
Personal name Arunachalam, N
700 ## - ADDED ENTRY--PERSONAL NAME
Personal name Padiyan, D. Pathinettam
700 ## - ADDED ENTRY--PERSONAL NAME
Personal name Veluraja, K.
700 ## - ADDED ENTRY--PERSONAL NAME
Personal name Ganesan, K.
700 ## - ADDED ENTRY--PERSONAL NAME
Personal name Rajasekaran, T.R.
942 ## - ADDED ENTRY ELEMENTS (KOHA)
Institution code [OBSOLETE] dpl
Koha item type English Books
Call number prefix 530/ADV
Source of classification or shelving scheme Dewey Decimal Classification
Classification part 530
Call number suffix ADV
Holdings
Withdrawn status Lost status Damaged status Not for loan Collection code Home library Current library Date acquired Cost, normal purchase price Total Checkouts Full call number Barcode Date last seen Copy number Uniform Resource Identifier Cost, replacement price Price effective from Koha item type
      Not For Loan Non-fiction D.B.Act.Division D.B.Act.Division 08/09/2008 110.00   530 ADV EN-71211 15/09/2008 1 7296 110.00 15/09/2008 English Books

© Delhi Public Library
Hit Counter
free hit counter